[Event "Chigorin Memorial 25th"]
[Site "St Petersburg"]
[Date "2017.10.25"]
[Round "5"]
[White "Shavykin, Oleg"]
[Black "Mustafayev, Nihad"]
[Result "1-0"]
[WhiteElo "2002"]
[BlackElo "1788"]
[PlyCount "71"]
[EventDate "2017.10.21"]
[EventType "swiss"]
[EventRounds "9"]
[EventCountry "RUS"]
[SourceTitle "CBM 181 Extra"]
[Source "ChessBase"]
[SourceDate "2017.12.12"]
[SourceVersion "1"]
[SourceVersionDate "2017.12.12"]
[SourceQuality "1"]

1. e4 c5 2. Nc3 e6 3. f4 Nc6 4. Nf3 d5 5. Bb5 d4 6. Ne2 Nf6 7. Bxc6+ bxc6 8. d3 Be7 9. 0-0 0-0 10. Ng3 Ba6 11. b3 Nd7 12. Qe1 Qc7 13. f5 exf5 14. Nxf5 Bf6 15. Bg5 Rfe8 16. Qh4 Qd8 17. Bxf6 Qxf6 18. Qh3 Ne5 19. N3h4 Bc8 20. Qg3 Bxf5 21. Rxf5 Qe6 22. Raf1 Re7 23. Rf6 Qg4 24. Qxg4 Nxg4 25. Rxc6 Ne3 26. Rf2 Re5 27. Rc7 f6 28. h3 a5 29. a4 Rae8 30. Ra7 Rb8 31. Nf3 Rh5 32. Rxa5 Rd8 33. Rd2 g6 34. Ra7 g5 35. Kh2 f5 36. exf5 1-0